000 00399nam a2200181Ia 4500
003 IT-RoPAU
005 20220918175412.0
008 120407s9999 xx 000 0 und d
040 _aIT-RoPAU
040 _cIT-RoPAU
245 _aJohn Henry Newman. Theologian and cardinal
245 _cAA.VV.
250 _aBrescia
260 _aPaideia
300 _c cm
490 _v1
942 _cBK
_2ddc
999 _c9073
_d9073